[Event "Izmailov Memorial 12th"]
[Site "Tomsk"]
[Date "2008.07.08"]
[Round "5"]
[White "Kirillov, Andrey"]
[Black "Tilicheev, Viacheslav"]
[Result "0-1"]
[WhiteElo "2350"]
[BlackElo "2189"]
[PlyCount "66"]
[EventDate "2008.07.04"]
[EventType "tourn"]
[EventRounds "9"]
[EventCountry "RUS"]
[EventCategory "2"]
[SourceTitle "EXT 2009"]
[Source "ChessBase"]
[SourceDate "2008.11.26"]
[SourceVersion "1"]
[SourceVersionDate "2008.11.26"]
[SourceQuality "1"]

1. d4 Nf6 2. c4 g6 3. Nc3 d6 4. e4 Bg7 5. Nf3 0-0 6. h3 e5 7. d5 a5 8. Bg5 Na6 9. Nd2 Qe8 10. Be2 Kh8 11. g4 Ng8 12. Be3 b6 13. Nf1 f5 14. gxf5 gxf5 15. exf5 Bxf5 16. Ng3 Qd7 17. Bg4 Ne7 18. Nce4 Nc5 19. Nxf5 Nxf5 20. Bxc5 bxc5 21. Ng3 e4 22. Qb3 Nxg3 23. Bxd7 Nxh1 24. Qc2 Rab8 25. Rb1 Bd4 26. Qxe4 Nxf2 27. Qc2 Rf4 28. Qd2 Re4+ 29. Kf1 Rf8 30. Kg2 Re7 31. Bg4 Ne4 32. Qd3 Rf2+ 33. Kh1 Rd2 0-1

[Event "Izmailov Memorial 12th"]
[Site "Tomsk"]
[Date "2008.07.04"]
[Round "1"]
[White "Shkurikhin, Ilia"]
[Black "Kirillov, Andrey"]
[Result "0-1"]
[WhiteElo "2413"]
[BlackElo "2350"]
[PlyCount "59"]
[EventDate "2008.07.04"]
[EventType "tourn"]
[EventRounds "9"]
[EventCountry "RUS"]
[EventCategory "2"]
[SourceTitle "EXT 2009"]
[Source "ChessBase"]
[SourceDate "2008.11.26"]
[SourceVersion "1"]
[SourceVersionDate "2008.11.26"]
[SourceQuality "1"]

1. d4 d5 2. c4 c6 3. Nf3 Nf6 4. Nc3 a6 5. e3 Bf5 6. Qb3 Ra7 7. Bd2 e6 8. Nh4 Be4 9. f3 dxc4 10. Bxc4 Bd5 11. Nxd5 cxd5 12. Bd3 g5 13. e4 gxh4 14. 0-0-0 Nc6 15. Rhe1 Be7 16. Kb1 dxe4 17. Bxe4 Nxe4 18. Rxe4 Qd5 19. Qd3 Rg8 20. Qe2 Ra8 21. g4 hxg3 22. hxg3 Rd8 23. g4 Bf6 24. Be3 Nb4 25. b3 Rc8 26. Bc1 Qc6 27. Bb2 Nd5 28. Rc1 Qxc1+ 29. Bxc1 Nc3+ 30. Ka1 0-1

[Event "Tomsk mix"]
[Site "Tomsk"]
[Date "2006.??.??"]
[Round "?"]
[White "Kirillov, Andrey"]
[Black "Kagirov, Ravil"]
[Result "0-1"]
[WhiteElo "2370"]
[BlackElo "2275"]
[PlyCount "40"]
[EventDate "2006.??.??"]
[EventType "tourn"]
[EventRounds "9"]
[EventCountry "RUS"]
[SourceTitle "EXT 2008"]
[Source "ChessBase"]
[SourceDate "2007.11.25"]
[SourceVersion "1"]
[SourceVersionDate "2007.11.25"]
[SourceQuality "1"]

1. d4 Nf6 2. c4 c5 3. d5 e5 4. Nc3 d6 5. e4 Be7 6. h3 Nbd7 7. Nf3 Nf8 8. g3 Ng6 9. Bg2 h5 10. h4 Ng4 11. Nd2 Nxh4 12. gxh4 Bxh4 13. 0-0 Rh6 14. Qe2 Rg6 15. f3 Nh2 16. Kxh2 Bg3+ 17. Kg1 Qh4 18. Rf2 Qh2+ 19. Kf1 Bh3 20. Qd3 Bxf2 0-1

[Event "Tomsk mix"]
[Site "Tomsk"]
[Date "2006.??.??"]
[Round "?"]
[White "Kirillov, Andrey"]
[Black "Rysbayeva, Aigerim"]
[Result "1-0"]
[WhiteElo "2370"]
[BlackElo "2005"]
[PlyCount "65"]
[EventDate "2006.??.??"]
[EventType "tourn"]
[EventRounds "9"]
[EventCountry "RUS"]
[SourceTitle "EXT 2008"]
[Source "ChessBase"]
[SourceDate "2007.11.25"]
[SourceVersion "1"]
[SourceVersionDate "2007.11.25"]
[SourceQuality "1"]

1. Nf3 d5 2. g3 Bg4 3. Bg2 Nd7 4. c4 dxc4 5. Na3 Ngf6 6. Nxc4 c6 7. d4 e6 8. Qb3 b5 9. Nce5 Bxf3 10. Nxf3 Be7 11. 0-0 0-0 12. Bd2 Rc8 13. a4 Qb6 14. axb5 cxb5 15. e3 Bd6 16. Ra5 a6 17. Rfa1 Nb8 18. Ne1 Qc7 19. Nd3 Qc4 20. Qxc4 Rxc4 21. b3 Rc2 22. R1a2 Rxa2 23. Rxa2 Rc8 24. Bb7 Rc7 25. Bf3 Nd5 26. Ba5 Ra7 27. Rc2 f5 28. Rc8+ Kf7 29. Bxd5 exd5 30. Bb4 Bxb4 31. Nxb4 Nd7 32. Nc6 Rb7 33. Nd8+ 1-0

[Event "RUS-Cup01"]
[Site "Tomsk"]
[Date "2003.07.05"]
[Round "2"]
[White "Kirillov, Andrey"]
[Black "Zhuchenko, Pavel"]
[Result "0-1"]
[WhiteElo "2395"]
[BlackElo "2264"]
[PlyCount "88"]
[EventDate "2003.07.04"]
[EventType "swiss"]
[EventRounds "9"]
[EventCountry "RUS"]
[SourceTitle "CBM 095 Extra"]
[Source "ChessBase"]
[SourceDate "2003.09.04"]
[SourceVersion "1"]
[SourceVersionDate "2003.09.04"]
[SourceQuality "1"]

1. c4 Nf6 2. Nc3 d5 3. cxd5 Nxd5 4. g3 c6 5. Bg2 Nb6 6. Nf3 g6 7. d4 Bg7 8. h3 N8d7 9. 0-0 0-0 10. e4 h6 11. Qe2 e5 12. Nxe5 Nxe5 13. dxe5 Qd4 14. Be3 Qxe5 15. f4 Qa5 16. f5 Re8 17. Qf2 g5 18. h4 Nc4 19. hxg5 hxg5 20. f6 Nxe3 21. Qxe3 Bf8 22. Qe2 g4 23. Rf4 Qh5 24. Rd1 Bc5+ 25. Kf1 Qh2 26. Rxg4+ Kf8 27. Ke1 Bxg4 28. Qxg4 Qg1+ 29. Kd2 Red8+ 30. Kc1 Rxd1+ 31. Nxd1 Qxg2 32. Qh5 Qxg3 33. Qxc5+ Kg8 34. Qe7 Qb8 35. Nc3 b6 36. e5 Qf8 37. Ne4 Re8 38. Qd7 Qh6+ 39. Kc2 Rxe5 40. Qxc6 Qg6 41. Kd3 Kh7 42. Kd4 Re6 43. Qd5 Qg1+ 44. Kd3 Qd1+ 0-1

[Event "RUS-Cup01"]
[Site "Tomsk"]
[Date "2003.07.04"]
[Round "1"]
[White "Klimov, Anton"]
[Black "Kirillov, Andrey"]
[Result "0-1"]
[WhiteElo "2150"]
[BlackElo "2395"]
[PlyCount "62"]
[EventDate "2003.07.04"]
[EventType "swiss"]
[EventRounds "9"]
[EventCountry "RUS"]
[SourceTitle "CBM 095 Extra"]
[Source "ChessBase"]
[SourceDate "2003.09.04"]
[SourceVersion "1"]
[SourceVersionDate "2003.09.04"]
[SourceQuality "1"]

1. e4 c5 2. Nc3 Nc6 3. Bb5 Nd4 4. Bc4 e6 5. Nf3 a6 6. a4 Nf6 7. 0-0 d5 8. exd5 exd5 9. Nxd5 Nxd5 10. Nxd4 cxd4 11. Qh5 Be6 12. Re1 Nf4 13. Qg4 Ng6 14. d3 Be7 15. Bxe6 fxe6 16. Rxe6 0-0 17. Bd2 Rc8 18. c4 dxc3 19. Bxc3 Rf4 20. Qh3 Bc5 21. Re2 Qf8 22. Qg3 Re8 23. Rxe8 Qxe8 24. d4 Bxd4 25. Bxd4 Rxd4 26. Qb3+ Qf7 27. Qb6 Qd5 28. Re1 Rd1 29. Qe3 h6 30. g3 Rxe1+ 31. Qxe1 Ne5 0-1

[Event "RUS-ch sf"]
[Site "Novosibirsk"]
[Date "2002.??.??"]
[Round "2"]
[White "Chuprov, Dmitry"]
[Black "Kirillov, Andrey"]
[Result "1-0"]
[WhiteElo "2484"]
[BlackElo "2385"]
[PlyCount "53"]
[EventDate "2002.??.??"]
[EventType "swiss"]
[EventRounds "9"]
[EventCountry "RUS"]
[SourceTitle "EXT 2007"]
[Source "ChessBase"]
[SourceDate "2006.11.23"]
[SourceVersion "1"]
[SourceVersionDate "2006.11.23"]
[SourceQuality "1"]

1. c4 Nf6 2. d4 c6 3. Nc3 d5 4. Nf3 dxc4 5. a4 Bf5 6. e3 e6 7. Bxc4 Bb4 8. 0-0 0-0 9. Qe2 Bg6 10. Ne5 Nbd7 11. Nxg6 hxg6 12. Rd1 Qa5 13. Bd2 e5 14. d5 e4 15. dxc6 bxc6 16. Nxe4 Ne5 17. Nxf6+ gxf6 18. Bxb4 Qxb4 19. Rd4 Qb6 20. a5 Qc7 21. Ba2 Rad8 22. f4 Nd7 23. Rad1 c5 24. Qg4 cxd4 25. Qxg6+ Kh8 26. Qh6+ Kg8 27. Bb1 1-0

[Event "RUS-ch54 sf Sibiria"]
[Site "Novosibirsk"]
[Date "2001.04.18"]
[Round "1"]
[White "Kirillov, Andrey"]
[Black "Maletin, Pavel"]
[Result "1-0"]
[WhiteElo "2417"]
[BlackElo "2243"]
[PlyCount "60"]
[EventDate "2001.04.19"]
[EventType "swiss"]
[EventRounds "9"]
[EventCountry "RUS"]
[SourceTitle "CBM 082 Extra"]
[Source "ChessBase"]
[SourceDate "2001.07.03"]
[SourceVersion "1"]
[SourceVersionDate "2001.07.03"]
[SourceQuality "1"]

1. Nf3 c5 2. c4 Nc6 3. Nc3 e5 4. d3 d6 5. g3 g6 6. Bg2 Bg7 7. 0-0 Nge7 8. a3 a5 9. Ne1 Be6 10. Nd5 0-0 11. Rb1 Rb8 12. Bd2 b5 13. Nc2 b4 14. axb4 axb4 15. Ra1 Qc8 16. Nce3 Kh8 17. Nxe7 Nxe7 18. Ra7 Nc6 19. Ra2 Nd4 20. Nd5 Bh3 21. Bxh3 Qxh3 22. Ra6 Rfd8 23. e3 Nf5 24. Qf3 Re8 25. Ra7 Nh6 26. e4 Ng4 27. Qg2 Qxg2+ 28. Kxg2 Kg8 29. Bg5 f6 30. f3 fxg5 1-0

[Event "RUS-ch54 sf Sibiria"]
[Site "Novosibirsk"]
[Date "2001.04.??"]
[Round "4"]
[White "Kornienko, Sergey"]
[Black "Kirillov, Andrey"]
[Result "1-0"]
[WhiteElo "2184"]
[BlackElo "2417"]
[PlyCount "109"]
[EventDate "2001.04.19"]
[EventType "swiss"]
[EventRounds "9"]
[EventCountry "RUS"]
[SourceTitle "CBM 082 Extra"]
[Source "ChessBase"]
[SourceDate "2001.07.03"]
[SourceVersion "1"]
[SourceVersionDate "2001.07.03"]
[SourceQuality "1"]

1. d4 Nf6 2. Nf3 g6 3. c4 Bg7 4. Nc3 0-0 5. e4 d6 6. Be2 Nbd7 7. 0-0 e5 8. Re1 c6 9. Bf1 a5 10. Be3 Re8 11. d5 cxd5 12. cxd5 Ng4 13. Bg5 f6 14. Bc1 f5 15. h3 Ngf6 16. exf5 gxf5 17. Nd2 Nf8 18. Nc4 f4 19. Nb5 Ra6 20. b3 Ng6 21. Ba3 Bf8 22. Rc1 Nh4 23. Nb2 Rb6 24. Nc7 Re7 25. Ne6 Bxe6 26. dxe6 Rxe6 27. Nc4 Rc6 28. Rxe5 d5 29. Rg5+ Ng6 30. Bb2 Ne4 31. Rxd5 Qh4 32. Qd4 b6 33. Rd8 Kf7 34. Rd1 Nf6 35. Ba3 Bxa3 36. Nxa3 Ne5 37. Bc4 Nxc4 38. Nxc4 Qg5 39. Nd6+ Kg6 40. Qd3+ Kg7 41. Nf5+ Kf7 42. Rb8 Rc7 43. Rd8 Rc5 44. Nd6+ Kg7 45. Nc4 Rc7 46. Qf3 Rce7 47. R1d4 Ne4 48. Nd6 Nxd6 49. R4xd6 Qe5 50. Rxe6 Rxe6 51. Rd7+ Kh6 52. Rd5 Qf6 53. Rh5+ Kg7 54. Qg4+ Kh8 55. Rf5 1-0

[Event "RUS-chT 07th"]
[Site "Smolensk"]
[Date "2000.04.19"]
[Round "5"]
[White "Lugovoi, Aleksei"]
[Black "Kirillov, Andrey"]
[Result "1-0"]
[WhiteElo "2515"]
[BlackElo "2351"]
[PlyCount "57"]
[EventDate "2000.04.15"]
[EventType "team-tourn"]
[EventRounds "11"]
[EventCountry "RUS"]
[SourceTitle "EXT 2020"]
[Source "ChessBase"]
[SourceDate "2019.10.17"]
[SourceVersion "1"]
[SourceVersionDate "2019.10.17"]
[SourceQuality "1"]
[WhiteTeam "Sankt Petersburg Chess Federation"]
[BlackTeam "Tomsk Politekhnik Yantar"]
[WhiteTeamCountry "RUS"]
[BlackTeamCountry "RUS"]

1. d4 Nf6 2. c4 e6 3. Nc3 Bb4 4. e3 b6 5. Bd3 Bb7 6. Nf3 0-0 7. 0-0 Bxc3 8. bxc3 Ne4 9. Ne1 f5 10. f3 Nf6 11. Qe2 d6 12. Nc2 Nbd7 13. a4 a5 14. Na3 Qe7 15. Rb1 Kh8 16. Nb5 Rac8 17. Ba3 Nh5 18. Bc2 Rf6 19. e4 f4 20. e5 Rh6 21. exd6 Qg5 22. Qd2 c6 23. Nc7 Rf8 24. Rfe1 Rff6 25. c5 Qh4 26. Rxb6 Nxb6 27. cxb6 Rf7 28. Nxe6 Bc8 29. Ng5 1-0

[Event "RUS-chT 07th"]
[Site "Smolensk"]
[Date "2000.04.17"]
[Round "3"]
[White "Ozgibcev, Anatoly"]
[Black "Kirillov, Andrey"]
[Result "1/2-1/2"]
[WhiteElo "2447"]
[BlackElo "2351"]
[PlyCount "83"]
[EventDate "2000.04.15"]
[EventType "team-tourn"]
[EventRounds "11"]
[EventCountry "RUS"]
[SourceTitle "EXT 2020"]
[Source "ChessBase"]
[SourceDate "2019.10.17"]
[SourceVersion "1"]
[SourceVersionDate "2019.10.17"]
[SourceQuality "1"]
[WhiteTeam "Nizhny Tagil Politekhnik"]
[BlackTeam "Tomsk Politekhnik Yantar"]
[WhiteTeamCountry "RUS"]
[BlackTeamCountry "RUS"]

1. Nf3 Nf6 2. g3 d5 3. Bg2 g6 4. 0-0 Bg7 5. d3 0-0 6. Nbd2 c5 7. e4 Qc7 8. c3 dxe4 9. dxe4 e5 10. Nc4 Rd8 11. Qc2 Nc6 12. Re1 Be6 13. Bf1 h6 14. a4 Ne8 15. Nfd2 Nd6 16. Nxd6 Rxd6 17. Nc4 Rdd8 18. b3 Rd7 19. Rb1 Rad8 20. Ne3 Na5 21. Qa2 Rd6 22. Bc4 Bxc4 23. bxc4 Qd7 24. Nd5 Kh7 25. Rb5 b6 26. Be3 Rc8 27. Reb1 Qg4 28. Rxa5 bxa5 29. Qc2 a6 30. Kg2 Rcd8 31. h3 Qc8 32. Qb3 Bf8 33. Qb7 Kg7 34. Qxc8 Rxc8 35. Rb7 Rdd8 36. Rb6 Ra8 37. Nc7 Ra7 38. Nd5 Rc8 39. h4 Raa8 40. h5 Rcb8 41. Rc6 Rc8 42. Rb6 1/2-1/2

[Event "RUS-chT 07th"]
[Site "Smolensk"]
[Date "2000.04.16"]
[Round "2"]
[White "Kirillov, Andrey"]
[Black "Garagulya, Konstantin"]
[Result "1-0"]
[WhiteElo "2351"]
[BlackElo "2416"]
[PlyCount "75"]
[EventDate "2000.04.15"]
[EventType "team-tourn"]
[EventRounds "11"]
[EventCountry "RUS"]
[SourceTitle "CBM 077"]
[Source "ChessBase"]
[SourceDate "2000.07.27"]
[SourceVersion "1"]
[SourceVersionDate "2000.07.27"]
[SourceQuality "1"]
[WhiteTeam "Tomsk Politekhnik Yantar"]
[BlackTeam "Novosibirsk Transsib"]
[WhiteTeamCountry "RUS"]
[BlackTeamCountry "RUS"]

1. Nf3 c5 2. c4 Nf6 3. Nc3 g6 4. e4 d6 5. d4 cxd4 6. Nxd4 Bg7 7. Be2 Nc6 8. Be3 0-0 9. 0-0 Bd7 10. Nc2 Rc8 11. f3 Be6 12. Qd2 Nd7 13. Rfd1 a6 14. Rab1 Na5 15. b3 b5 16. Nd4 bxc4 17. Nxe6 fxe6 18. b4 Nb7 19. f4 Qc7 20. Rbc1 Qc6 21. Bg4 Rf6 22. e5 Rf5 23. Bf3 Qc7 24. Nd5 exd5 25. Qxd5+ e6 26. Qxe6+ Kh8 27. exd6 Nxd6 28. Qxd6 Nf8 29. Bg4 Rf6 30. Qxc7 Rxc7 31. Rd8 h5 32. Rc8 Rfc6 33. Rxc7 Rxc7 34. Be2 c3 35. Bxa6 c2 36. Bc5 Ne6 37. Rxc2 Nxc5 38. bxc5 1-0

[Event "RUS-Cup"]
[Site "Tomsk"]
[Date "1999.??.??"]
[Round "4"]
[White "Kirillov, Andrey"]
[Black "Goloshchapov, Alexander"]
[Result "0-1"]
[WhiteElo "2367"]
[BlackElo "2446"]
[PlyCount "74"]
[EventDate "1999.??.??"]
[EventType "swiss"]
[EventRounds "9"]
[EventCountry "RUS"]
[SourceTitle "EXT 2001"]
[Source "ChessBase"]
[SourceDate "2000.11.22"]
[SourceVersion "1"]
[SourceVersionDate "2000.11.22"]
[SourceQuality "1"]

1. d4 d5 2. c4 e6 3. Nc3 c6 4. e3 Nf6 5. Nf3 Nbd7 6. Be2 Bd6 7. 0-0 0-0 8. b3 b6 9. Qc2 Bb7 10. e4 dxe4 11. Nxe4 Nxe4 12. Qxe4 Nf6 13. Qh4 c5 14. Bb2 Ne4 15. Qxd8 Rfxd8 16. Rfd1 cxd4 17. Nxd4 Bc5 18. Kf1 Nxf2 19. Kxf2 e5 20. Bf3 Bxf3 21. Kxf3 exd4 22. Rd3 Rd6 23. Re1 Rf6+ 24. Ke2 Bb4 25. Rg1 Re8+ 26. Kd1 Rf2 27. Kc1 Bc3 28. Bxc3 dxc3 29. a4 Ra2 30. Kb1 Rb2+ 31. Kc1 Ra2 32. Kb1 Rb2+ 33. Kc1 Rxb3 34. Kc2 Ra3 35. Re1 Kf8 36. Rf1 Re2+ 37. Kd1 Rxg2 0-1